<?xml version="1.0" encoding="UTF-8"?>
<collection xmlns="http://www.loc.gov/MARC21/slim">
 <record>
  <leader>00559pamaa2200181   4500</leader>
  <controlfield tag="001">0000018308</controlfield>
  <controlfield tag="005">20060803090000.0</controlfield>
  <datafield tag="020" ind1="0" ind2="0">
   <subfield code="a">0395857066 </subfield>
  </datafield>
  <datafield tag="082" ind1=" " ind2=" ">
   <subfield code="a">808.042 COL</subfield>
  </datafield>
  <datafield tag="090" ind1="0" ind2="0">
   <subfield code="a">LB2343.32 </subfield>
   <subfield code="b">COL 1998</subfield>
  </datafield>
  <datafield tag="245" ind1="1" ind2="4">
   <subfield code="a">The college success readers  </subfield>
   <subfield code="c">[Edited]Robert Holkeboer and Thomas Hoeksema.</subfield>
  </datafield>
  <datafield tag="260" ind1="0" ind2="0">
   <subfield code="a">Boston: </subfield>
   <subfield code="b">Houghton Mifflin, </subfield>
   <subfield code="c">1998.</subfield>
  </datafield>
  <datafield tag="300" ind1=" " ind2=" ">
   <subfield code="a">xxxi, 233p.: </subfield>
   <subfield code="b">23cm.</subfield>
  </datafield>
  <datafield tag="650" ind1="0" ind2="0">
   <subfield code="a">College student orientation </subfield>
  </datafield>
  <datafield tag="650" ind1="0" ind2="0">
   <subfield code="a">College readers </subfield>
  </datafield>
  <datafield tag="650" ind1="0" ind2="0">
   <subfield code="a">College students -- </subfield>
   <subfield code="x">Conduct of life </subfield>
  </datafield>
  <datafield tag="700" ind1="1" ind2="1">
   <subfield code="a">Hoeksema, </subfield>
   <subfield code="h">Thomas </subfield>
  </datafield>
  <datafield tag="700" ind1="1" ind2="1">
   <subfield code="a">Holkeboer, </subfield>
   <subfield code="h">Robert </subfield>
  </datafield>
 </record>
</collection>
